000 005700000a22001810004500
003 MACL
005 20160423171337.0
008 160423b xxu||||| |||| 00| 0 eng d
040 _aMACL
_cMACL
041 _aHindi
082 _a800
100 _aडॉ विष्‍णु रानबा सरवदे
_953783
245 _aनिबन्‍धकार जैनेन्‍द्र कुमार
260 _bअनु प्रकाशन
_c2004
_aदिल्‍ली
350 _a400
650 _aLiteracture
_953784
942 _cHIN
_k800/JAI/L
_2ddc
999 _c10348
_d10348